Statistics for Quizmaster Quiz

Click here to take the quiz!

General Stats

  • This quiz has been taken 8 times
  • The average score is 5 of 10

Answer Stats

QuestionAnswer% Correct
6) What is his level in French?11
75%
3) How many countries has he visited?24
75%
7) How many blogs does he have?44
75%
10) How many US states has he been to?46
75%
9) What is his level in Spanish?6
75%
1) What is his real name?Dan Hostetler
50%
2) Where does he live?Seattle
50%
5) How many quiz series does he have?449
25%
8) How many subscribers does he have?2,903
13%
4) How many quizzes does he have?4,552
13%

Score Distribution

Percentile by Number Answered

Percent of People with Each Score

Your Score History

You have not taken this quiz